000 00534nam a2200217Ia 4500
005 20140407103436.0
008 140130s9999 xx 000 0 und d
020 _a0590265830
050 _aPZ 7
_b.M35672Fp 1995
100 _aMarshall, James.
_931444
245 _cJames Marshall.
_aFox be nimble /
260 _bScholastic Inc.,
_cc1995.
_aUSA :
300 _a48 p. :
_bcol. ill. ;
_c23 cm.
440 _v1
521 _aG1
526 _c210
942 _cBK
_2lcc
999 _c42063
_d42063